| 000 | 00559nam a2200205Ia 4500 | ||
|---|---|---|---|
| 005 | 20260429112132.0 | ||
| 008 | 260429s9999||||xx |||||||||||||| ||und|| | ||
| 020 | _a9781041087076 | ||
| 041 | _aEnglish | ||
| 082 |
_a305.8 _bVEE |
||
| 100 | _aVeerapandian, Suba | ||
| 245 | 0 |
_aSociopolitical movements of a century in Tamil Nadu / _cSuba Veerapandian |
|
| 250 | _a1st ed. | ||
| 260 |
_aLondon : _bRoutledge, _c2025. |
||
| 300 | _axiii, 207 p.; pbk | ||
| 650 | _a Tamil Nadu | ||
| 650 | _aSociopolitical | ||
| 700 | _a Begum, R. Qurshid | ||
| 942 | _cTB | ||
| 999 |
_c52532 _d52532 |
||